Social and personality development : (Record no. 362069)
[ view plain ]
| 000 -LEADER | |
|---|---|
| fixed length control field | 00504nam a2200145Ia 4500 |
| 008 - FIXED-LENGTH DATA ELEMENTS--GENERAL INFORMATION | |
| fixed length control field | 190813s9999 xx 000 0 und d |
| 020 ## - INTERNATIONAL STANDARD BOOK NUMBER | |
| International Standard Book Number | 9781848729261 |
| 100 ## - MAIN ENTRY--PERSONAL NAME | |
| Personal name | Lamb,Michael E. |
| 245 ## - TITLE STATEMENT | |
| Statement of responsibility, etc | Michael E. Lamb, Marc H. Bornstein.-- |
| Title | Social and personality development : |
| Remainder of title | an advance textbook / |
| 260 ## - PUBLICATION, DISTRIBUTION, ETC. (IMPRINT) | |
| Place of publication, distribution, etc | New York : |
| Name of publisher, distributor, etc | Routledge |
| Date of publication, distribution, etc | 2011 |
| 300 ## - PHYSICAL DESCRIPTION | |
| Extent | 522 pages. |
| 500 ## - GENERAL NOTE | |
| General note | Included bibliographical references and index. |
| 650 ## - SUBJECT ADDED ENTRY--TOPICAL TERM | |
| Topical term or geographic name as entry element | Developmental psychology. |
| 650 ## - SUBJECT ADDED ENTRY--TOPICAL TERM | |
| Topical term or geographic name as entry element | Personality development. |
| Withdrawn status | Lost status | Source of classification or shelving scheme | Damaged status | Home library | Current library | Shelving location | Date acquired | Source of acquisition | Total Checkouts | Full call number | Barcode | Date last seen | Price effective from | Koha item type |
|---|---|---|---|---|---|---|---|---|---|---|---|---|---|---|
| Library of Congress Classification | College Library | College Library | General Circulation Section | 08/13/2019 | Donation | BF 713.S6 .L218 2011 | C21854 | 08/13/2019 | 08/13/2019 | Books |